Ploskovice a Zákupy : česká sídla Habsburků /

Hlavní autor: Tregl, Vladimír
Jazyk: Čeština
Vydáno: Ústí nad Labem : Národní památkový ústav, 2024
Vydání: 1. vydání
Témata:
Fyzický popis: 229 stran : ilustrace (převážně barevné), portréty, faksimile, erby ; 24 cm
Language note: Anglické a německé resumé
Knihy
Uloženo v:
LEADER 02503nam a2200673 i 4500
001 nkc20243643852
003 CZ PrNK
005 20250321092100.0
007 ta
008 241119s2024 xr achie 000 0 cze
015 |a cnb003643852 
020 |a 978-80-7480-208-9  |q (brožováno) 
035 |a (OCoLC)1514347707 
040 |a ABA001  |b cze  |d OLA001  |e rda 
041 0 |a cze  |b eng  |b ger 
043 |a e-xr---  |b e-xr-us  |b e-xr-li  |2 czenas 
072 7 |a 72  |x Architektura  |2 Konspekt  |9 21 
080 |a 728.82  |2 MRF 
080 |a 929.731  |2 MRF 
080 |a 728.8:929.7  |2 MRF 
080 |a (437.315)  |2 MRF 
080 |a (437.316)  |2 MRF 
080 |a (048.8)  |2 MRF 
100 1 |a Tregl, Vladimír  |7 ola2011665065  |4 aut 
245 1 0 |a Ploskovice a Zákupy :  |b česká sídla Habsburků /  |c Vladimír Tregl 
250 |a 1. vydání 
264 1 |a Ústí nad Labem :  |b Národní památkový ústav,  |c 2024 
300 |a 229 stran :  |b ilustrace (převážně barevné), portréty, faksimile, erby ;  |c 24 cm 
336 |a text  |b txt  |2 rdacontent 
336 |a statický obraz  |b sti  |2 rdacontent 
337 |a bez média  |b n  |2 rdamedia 
338 |a svazek  |b nc  |2 rdacarrier 
500 |a Na obálce nad názvem: Po stopách šlechtických rodů 2024 
500 |a 1500 výtisků 
504 |a Obsahuje bibliografii 
546 |a Anglické a německé resumé 
600 3 7 |a Habsburkové (rod)  |7 jx20060330026  |2 czenas 
610 2 7 |a Ploskovice (zámek)  |7 ko20201092177  |2 czenas 
610 2 7 |a Zákupy (zámek)  |7 ko2002101788  |2 czenas 
650 0 7 |a zámky  |7 ph127734  |z Česko  |2 czenas 
650 0 7 |a zámky  |7 ph127734  |x dějiny  |2 czenas 
650 0 7 |a panovnické dvory  |7 ph123931  |z Česko  |2 czenas 
650 0 7 |a šlechtická sídla  |7 ph127825  |z Česko  |2 czenas 
650 0 9 |a chateaux  |z Czechia  |2 eczenas 
650 0 9 |a chateaux  |x history  |2 eczenas 
650 0 9 |a courts and courtiers  |z Czechia  |2 eczenas 
650 0 9 |a residences of nobility  |z Czechia  |2 eczenas 
651 7 |a Ploskovice (Česko)  |7 ge139091  |2 czenas 
651 7 |a Zákupy (Česko)  |7 ge131472  |2 czenas 
651 9 |a Ploskovice (Czechia)  |2 eczenas 
651 9 |a Zákupy (Czechia)  |2 eczenas 
655 7 |a monografie  |7 fd132842  |2 czenas 
655 9 |a monographs  |2 eczenas 
910 2 |a BOA001  |b 2-1486.837 
928 9 |a Národní památkový ústav, územní památková správa v Ústí nad Labem 
990 |a BK 
995 |a 01 
991 |b 202503  |c NOV 
996 6 |b 2610997288  |c 2-1486.837  |l MZK  |r Sklad / do 1 hodiny  |n 0  |p p.v.  |w 001997328  |u 000010  |a 1  |e BOA001  |j MZK50  |s P